01110nmc a2200313 a 4500003000900000005001700009008004100026040001300067100002200080245005400102260004900156300002000205490003900225500005700264521001500321650002500336650001500361653002600376653002500402653001400427700004100441710006300482710006400545710004100609942000700650998001400657999001700671952010800688AR-BaBNM20251128211437.0094020s[200 ||||||||||||||000 | spa|| cAR-BaBNM1 aGómez, Fabián10aTecnologíabárea tecnológica : 1º ciclon1 aBuenos AiresbGendarmería Nacionalc[2000] a63 p.bgráfs. 0aBachiller a distancia para adultos aLas autorías han sido tomados del dorso de portada aSECUNDARIO 4aEDUCACION DE ADULTOS 4aTECNOLOGIA aEDUCACION A DISTANCIA aEDUCACION SECUNDARIA aBACHILLER aMuga, María Alejandraecoordinador1 aUniversidad Nacional de CatamarcabFacultad de Humanidades1 aArgentinabGendarmeríabCentro de Educación a Distancia1 aFundación Centinela [Buenos Aires] cBK calexandra c19726d19726 00102ddc405171aLPLbLPLd2025-11-28l0o374.7 UNC 1.2p134736r2025-11-28 21:14:37w2025-11-28yBK